00618nam a2200133 a 450000100100000000500170001000800410002704000250006811001060009324501090019926001160030830000420042470000180046600002412620200930022735.0110119s2000 dr 000 0 spa d aDO-SdBNPbspacBNPHU2 aRepública DominicanabPresidencia de la República DominicanabConsejo Nacional de Asuntos Urbanos10aLineamientos de políticas de desarrollo urbano para la ciudad de La Romana /cJulio Corral [et.. al ]. aSantiago de los Caballeros, República Dominicana :bPontificia Universidad Catolíca Madre y Maestra,c2000. a208 p. :bil.,map., retrs., ;c28 cm.1 aCorrel, Julio